000
00336 a2200157 4500
001
60677
020
_a
9788538001225
040
_c
Anchieta - Pituba
100
_a
Dominic, Marc
240
1
0
_a
Truques de mágica
_l
por
245
1
0
_a
Truques de mágica
300
_a
64
362
0
_a
2007
650
4
_a
Literatura juvenil
942
_c
BK
999
_c
60677
_d
60677